Forget Baudrillard? /

Guardado en:
Bibliografiske detaljer
Hovedforfatter: Rojek, Chris (ed.)
Andre forfattere: Turner, Bryan S. (edición) (edición)
Format: Bog
Sprog:engelsk
Udgivet: Nueva York, EUA : Routledge, 1993, c1993
Serier:(Sociology/Cultural Studies/Politics)
Fag:
Tags: Tilføj Tag
Ingen Tags, Vær først til at tagge denne postø!

MARC

LEADER 00000nam^a2200000^a^4500
001 000156118
005 20250521000000.0
009 20260310100454.152
020 |a 0-415-05989-5 
037 |a Acervo ITESO - Biblioteca 
041 |a ING 
082 |a 149. 97  |b BAU EST ROJ 
100 |a Rojek, Chris  |e (ed.) 
245 1 0 |a Forget Baudrillard? /  |c Ed. de C. Rojek, B.S. Turner. 
264 4 |a Nueva York, EUA :  |b Routledge,  |c 1993, c1993 
300 |a XVIII, 170 p. 
336 |a texto  |b txt  |2 rdacontenido 
337 |a sin mediación  |b n  |2 rdamedio 
338 |a volumen  |b nc  |2 rdasoporte 
440 1 |a (Sociology/Cultural Studies/Politics) 
649 |a XX 
650 |a Sociólogos Franceses 
650 |a Filósofos Franceses 
650 |a Intelectuales Franceses 
650 |a Sociedad Postindustrial 
650 |a Realidad Virtual 
650 |a Consumo -  |x Aspectos Sociales y Culturales 
650 |a Cortejo y Seducción -  |x Teoría 
650 |a Modernidad y Posmodernidad 
650 |a Sociología de la Cultura 
650 |a Sociología de la Economía 
650 |a Filosofía Política 
650 |a Filosofía Francesa 
650 |a Filosofía del Siglo XX 
650 |a Baudrillard, Jean -  |x Tema Principal 
700 |a Turner, Bryan S.  |e (edición) 
910 |a Fondo General 
920 |a Impresos - Libros 
930 |a Colección General 
905 |a 101 
901 |a 0500083565  |b IT1  |c ACC  |u 20250521 
902 |a https://opac.biblio.iteso.mx/vufind/Record/000156118